| 000 | 00000nam 2200000za 4500 |
| 001 | 9.837737 |
| 003 | CaOODSP |
| 005 | 20240612102747 |
| 007 | cr ||||||||||| |
| 008 | 170605s2017 onc o f000 0 fre d |
| 040 | |aCaOODSP|bfre |
| 043 | |an-cn--- |
| 086 | 1 |aRv55-5/3-1-8-2017F-PDF |
| 245 | 00|aTransport du fret – exportations |h[ressource électronique]. |
| 260 | |aOttawa : |bAgence des services frontaliers du Canada, |c2017. |
| 300 | |a13 p. |
| 490 | 1 |aMémorandum, |x2369-2405 ; |vD3-1-8 |
| 500 | |aPubl. aussi en anglais sous le titre : Cargo – export movements. |
| 500 | |aTitre de départ. |
| 500 | |a« Ottawa, le 26 mai 2017. » |
| 500 | |a« Ceci annule le mémorandum D : D3-1-8 daté du 17 août 2015. » |
| 520 | |a« Le présent mémorandum énonce et explique les exigences et les politiques administratives de l’Agence des services frontaliers du Canada (ASFC) concernant les déclarations et les mesures de contrôle requises à l’égard des marchandises exportées du Canada par des transporteurs aériens, terrestres, maritimes et ferroviaires »--En résumé, p. [1]. |
| 692 | 07|2gccst|aExportation |
| 693 | 4|aTransport de marchandises |
| 710 | 2 |aAgence des services frontaliers du Canada. |
| 775 | 08|tCargo – export movements |w(CaOODSP)9.837736 |
| 794 | |tTransport du fret – exportations |b(19 avril 2018)|w(CaOODSP)9.856604 |
| 795 | |tTransport du fret – exportations |b(17 août 2015)|w(CaOODSP)9.803416 |
| 830 | #0|aMémorandums D des douanes. D3, Transport,|x2369-2405 ; |vD3-1-8.|w(CaOODSP)9.816826 |
| 856 | 40|qPDF|s413 Ko|uhttps://publications.gc.ca/collections/collection_2017/asfc-cbsa/Rv55-5-3-1-8-2017-fra.pdf |